Statistiken für Nördlichste Länder Quiz

Klicken Sie hier um das Quiz zu spielen!

Allgemein

  • Dieses Quiz wurde 14,631 mal gespielt
  • Das Durchschnittsergebnis liegt bei 18 aus 20

Antwortstatistiken

° Nord Länder % Korrekt
83°06'Kanada
99%
69°04'Schweden
99%
80°49'Norwegen
99%
81°51'Russland
99%
70°05'Finnland
99%
57°45'Dänemark
98%
71°23'Vereinigte Staaten
97%
67°08'Island
96%
59°48'Estland
95%
58°05'Lettland
95%
55°03'Deutschland
95%
56°27'Litauen
94%
54°50'Polen
94%
60°51'Vereinigtes Königreich
92%
56°08'Weißrussland
90%
53°32'Niederlande
89%
55°26'Irland
88%
53°34'China
76%
52°22'Ukraine
76%
55°06'Kasachstan
72%

Verteilung der Resultate

Perzentil nach korrekt beantworteten Fragen

Anzahl Personen mit jedem Resultat

Ihre Resultats-Entwicklung

Sie haben dieses Quiz noch nicht gespielt